000 00460nam a2200181Ia 4500
008 090123s9999 xx 000 0 und d
082 _b15910
100 _aधीरज
245 _aभरत मिलाप
250 _a0
260 _bराज पॉकेट बुक्स
300 _a233
600 _aधीरज
630 _aभरत मिलाप
700 _aधीरज
730 _aभरत मिलाप
942 _cBOOK
999 _c53971
_d53971